Μετανάστευση γυναικών από τα Βαλκάνια και τις χώρες της πρώην Σοβιετικής Ένωσης, με έμφαση στην εργασία : πτυχιακή εργασία

Αποθηκεύτηκε σε:
Λεπτομέρειες βιβλιογραφικής εγγραφής
Κύριος συγγραφέας: Πολίτου, Ελένη
Συγγραφή απο Οργανισμό/Αρχή: Πανεπιστήμιο Αιγαίου. Σχολή Κοινωνικών Επιστημών. Τμήμα Κοινωνικής Ανθρωπολογίας και Ιστορίας
Μορφή: Thesis Βιβλίο
Γλώσσα:Greek
Δημοσίευση: Μυτιλήνη : Πανεπιστήμιο Αιγαίου, Τμήμα Κοινωνικής Ανθρωπολογίας και Ιστορίας, 2003
Θέματα:
Ετικέτες: Προσθήκη ετικέτας
Δεν υπάρχουν, Καταχωρήστε ετικέτα πρώτοι!

MARC

LEADER 00000cam a2200000 i 4500
001 1/40668
008 070206s2003 gre d
035 |l 10086889 
040 |a GR-MY-UA  |b gre  |e aacr 
041 0 |a gre 
082 0 |a 304.8  |2 (22) 
100 1 |a Πολίτου, Ελένη. 
245 1 0 |a Μετανάστευση γυναικών από τα Βαλκάνια και τις χώρες της πρώην Σοβιετικής Ένωσης, με έμφαση στην εργασία :  |b πτυχιακή εργασία /  |c Πολίτου Ελένη 
260 |a Μυτιλήνη :   |b Πανεπιστήμιο Αιγαίου, Τμήμα Κοινωνικής Ανθρωπολογίας και Ιστορίας,   |c 2003 
300 |a 78 σ.;  |b φωτ.;  |c 30 εκ. 
502 # # |a Πτυχιακή εργασία – Πανεπιστήμιο Αιγαίου, Λέσβος, 2003. 
504 |a Βιβλιογραφία: σ. 67-71 
650 0 0 |a Migrant labor. 
650 0 0 |a Women immigrants. 
650 0 0 |a Women alien labor. 
650 0 0 |a Dissertations, Academic  |z Greece. 
710 2 |a Πανεπιστήμιο Αιγαίου.   |b Σχολή Κοινωνικών Επιστημών.   |b Τμήμα Κοινωνικής Ανθρωπολογίας και Ιστορίας. 
852 |a INST  |b LESVOS  |c DIATR  |e 20070206  |h 14  |p 005100037419  |q 005100037419  |t DIE  |y 13 
901 |a BIBL1-2007-1 
909 |a Λ  |b 104495 
924 |a ΠΟΛΙΤΟΥ  |b ΕΛΕΝΗ  |y ΛΕΣΒΟΣ  |z 2003-02 
970 |a ΚΑΜΑΤΣΟΥ  |b ΔΕΣΠΟΙΝΑ  |z 2007/01/06